| 000 | 00000nas 2200000za 4500 |
| 001 | 9.501637 |
| 003 | CaOODSP |
| 005 | 20221107133009 |
| 007 | cr ||||||||||| |
| 008 | 150406d20072015oncqr p o f0 b0fre|d |
| 040 | |aCaOODSP|bfre |
| 043 | |an-cn-on |
| 086 | 1 |aNH12-251F-PDF |
| 245 | 00|aActualités habitation. |pPeterborough |h[ressource électronique]. |
| 246 | 13|aActualités habitation. |pRMR de Peterborough |
| 260 | |a[Ottawa] : |bSociété canadienne d'hypothèques et de logement, |c2007-2015. |
| 310 | |aTrimestriel |
| 362 | 1 |aParaît depuis : troisième trimestre de 2007 ; ne paraît plus après : troisième trimestre de 2015. |
| 500 | |aPubl. aussi en anglais sous le titre : Housing now. Peterborough. |
| 500 | |aTitre de départ. |
| 691 | 07|aLogement|2gcpds |
| 691 | 07|aMarché régional|2gcpds |
| 710 | 2 |aSociété canadienne d'hypothèques et de logement. |
| 775 | 08|tHousing now. |w(CaOODSP)9.505236 |
| 785 | 00|tActualités habitation - tableaux. |w(CaOODSP)9.806989 |
| 986 | |a65577 |